| 000 | 00510cam a2200193 a 4500 | ||
|---|---|---|---|
| 020 | _a0399151699 | ||
| 082 | 0 | 0 | _a813.6 |
| 100 | 1 | _aBorn, James O. | |
| 245 | 1 | 0 |
_aWalking money _cJames O. Born. |
| 260 |
_aNew York : _bG.P. Putnam's Sons, _c2004. |
||
| 300 |
_a262 p. ; _c24 cm. |
||
| 563 | _aH.B | ||
| 650 | 0 | _aPolice | |
| 650 | 0 | _991041 | |
| 942 |
_2ddc _cBK |
||
| 999 |
_c589228 _d589228 |
||